Vista normal
Vista MARC
Entrada Topical Term
Número de registros utilizados en: 1
001 - CONTROL NUMBER
- control field: 4136
003 - CONTROL NUMBER IDENTIFIER
- control field: OSt
005 - DATE AND TIME OF LATEST TRANSACTION
- control field: 20200508125101.0
008 - FIXED-LENGTH DATA ELEMENTS
- fixed length control field: 200508|| aca||aabn | a|a d
040 ## - CATALOGING SOURCE
- Original cataloging agency: OSt
- Transcribing agency: OSt
150 ## - HEADING--TOPICAL TERM
- Topical term or geographic name entry element:
670 ## - SOURCE DATA FOUND
- Source citation: Work cat.: (OSt)4093: Colombia. Embajada de Japón en Colombia 4135, Cooperación de Japón en Colombia : , 2017